Marketing (Registro nro. 2229)
[ vista simple ]
| 000 -Cabecera | |
|---|---|
| Campo de control de longitud fija | 01118aam a2200469 4500 |
| 005 - Fecha y hora de la última transacción | |
| Campo de control | 20240307141242.0 |
| 008 - Elementos de longitud fija--Información general | |
| Campo de control de longitud fija | 150525b xxu||||| |||| 00| 0 spa d |
| 020 ## - International Standard Book Number | |
| Número Internacional Estándar del Libro (ISBN) | 9789706865472 |
| 041 ## - Idioma | |
| Código de idioma | Español |
| 082 ## - Clasificación Decimal Dewey | |
| Número de clasificación | 658.8 L218m8 |
| 100 ## - Entrada principal--Autor personal | |
| Nombre personal | Lamb, Charles |
| 9 (RLIN) | 46096 |
| 100 ## - Entrada principal--Autor personal | |
| Nombre personal | Hair, Joseph |
| 9 (RLIN) | 6342 |
| 100 ## - Entrada principal--Autor personal | |
| Nombre personal | McDaniel, Carl |
| 9 (RLIN) | 41839 |
| 245 ## - Título propiamente dicho | |
| Título | Marketing |
| 250 ## - Edición | |
| Mención de edición | 8 edición |
| 260 ## - Pie de imprenta | |
| Lugar de publicación, distribución, etc. | México |
| 260 ## - Pie de imprenta | |
| Nombre del editor, distribuidor, etc. | Cengage Learning |
| 260 ## - Pie de imprenta | |
| Fecha de publicación, distribución, etc. | 2006 |
| 300 ## - Descripción física | |
| Extensión | 746 páginas |
| 650 ## - Materia general | |
| Temática (materia general) | MERCADOTECNIA |
| 650 ## - Materia general | |
| Temática (materia general) | MARKETING |
| 650 ## - Materia general | |
| Temática (materia general) | VENTAS |
| 650 ## - Materia general | |
| Temática (materia general) | MERCADO |
| 650 ## - Materia general | |
| Temática (materia general) | PLANEACIÓN ESTRATÉGICA |
| 650 ## - Materia general | |
| Temática (materia general) | PLAN DE MERCADO |
| 650 ## - Materia general | |
| Temática (materia general) | MERCADO META |
| 650 ## - Materia general | |
| Temática (materia general) | RELACIONES PÚBLICAS |
| 650 ## - Materia general | |
| Temática (materia general) | EMPRENDEDORES |
| 650 ## - Materia general | |
| Temática (materia general) | MARKETING GLOBAL |
| 650 ## - Materia general | |
| Temática (materia general) | CONSUMIDOR |
| 650 ## - Materia general | |
| Temática (materia general) | SEGMENTACIÓN DE MERCADOS |
| 650 ## - Materia general | |
| Temática (materia general) | POSICIONAMIENTO |
| 650 ## - Materia general | |
| Temática (materia general) | PRODUCTO |
| 650 ## - Materia general | |
| Temática (materia general) | CADENA DE ABASTECIMIENTO |
| 650 ## - Materia general | |
| Temática (materia general) | PROMOCIÓN |
| 650 ## - Materia general | |
| Temática (materia general) | PUBLICIDAD |
| 650 ## - Materia general | |
| Temática (materia general) | DEMANDA |
| 942 ## - Punto de acceso adicional KOHA | |
| Tipo de ítem KOHA | Libro |
| Fuente del sistema de clasificación o colocación | Dewey Decimal Classification |
| Signatura completa | Código de barras | Programa Académico | Tipo de ítem |
|---|---|---|---|
| 658.8 L218m8 | 15052 | Libro |